000
00270nam a2200109Ia 4500
005
20251222114416.0
008
251222s1900||||xx |||||||||||||| ||spa||
082
_a
DVD0092/S25C/2006.
245
0
_a
Virgen de la Candelaria
264
_b
Castillejo, Christian
942
_c
DVD
999
_c
2247
_d
2247